000 01479nam0a2200313 4500
001 RU\NLR\bibl\573447
005 20051010142232.0
010 _a5-9275-0123-0
_9500
021 _aRU
_b2004-60663
_92984
035 _a(NLR Aleph) 000565500
090 _a1559420
_c1559420
100 _a20041112d2004 k y0rusy50 ca
101 0 _arus
102 _aRU
105 _aa |||||||||
200 1 _aИнституционализация механизмов устойчивости воспроизводства в аграрной сфере посткризисной экономики
_fО.С. Белокрылова, А.В. Банникова, Ю.В. Банников
_gОтв. ред. д.э.н. В.Н. Овчинников
_hРост. гос. ун-т
210 _aРостов н/Д
_cИзд-во Рост. ун-та
_d2004
215 _a130 с.
_cил.
_d20
320 _aБиблиогр.: с. 119-129 (244 назв.)
606 0 _aКрестьянские хозяйства
_xЭкономика
_92095193
_3RU\NLR\auth\661267760
686 _aУ32(2)194
700 1 _4070
_7ca
_8rus
_aБелокрылова
_bО. С.
_f1949-
_gОльга Спиридоновна
_911363
_3RU\NLR\AUTH\7728332
701 1 _aБанникова
_bА. Б.
_gАнна Владимировна
_4070
701 1 _aБанников
_bЮ. В.
_gЮрий Владимирович
_4070
801 0 _aRU
_bNLR
_c20041112
_gPSBO
801 1 _aRU
_bNLR
_c20041112
942 _cBOOK
980 _aNB